| 000 | 00479nam a2200169Ia 4500 | ||
|---|---|---|---|
| 003 | OSt | ||
| 005 | 20210125143401.0 | ||
| 008 | 190216s9999||||xx |||||||||||||| ||und|| | ||
| 040 | _coclc | ||
| 082 |
_a510 _bKUM/C |
||
| 100 |
_aKumar, Alok _98433 |
||
| 245 | 0 |
_aCSIR - UGC NET / JRF / SLET Mathematics Paper II / _cAlok Kumar |
|
| 260 |
_bUpkar Prakashan, _aAgra: |
||
| 300 | _a552p | ||
| 650 | _aReferences | ||
| 942 |
_cREF _2ddc _h510 _iKUM/C _k510 _mKUM/C |
||
| 999 |
_c36825 _d36825 |
||